[Event "Titled Tuesday intern op 7th April"]
[Site "Chess.com INT"]
[Date "2020.04.07"]
[Round "7"]
[White "Voiteanu, Christian Gabriel"]
[Black "Millard, Charlotte"]
[Result "1-0"]
[WhiteElo "2121"]
[BlackElo "1252"]
[PlyCount "65"]
[EventDate "2020.04.07"]
[EventType "swiss (blitz)"]
[EventRounds "10"]
[EventCountry "USA"]
[SourceTitle "EXT 2021"]
[Source "ChessBase"]
[SourceDate "2020.10.23"]
[SourceVersion "1"]
[SourceVersionDate "2020.10.23"]
[SourceQuality "1"]

1. d4 d5 2. c4 c6 3. Nf3 Nf6 4. Nc3 e6 5. g3 Be7 6. Bg2 0-0 7. 0-0 Nbd7 8. Qc2 h6 9. Rd1 b6 10. cxd5 exd5 11. Bf4 Bb7 12. Ne5 Nxe5 13. Bxe5 Ng4 14. e4 Nxe5 15. dxe5 d4 16. e6 fxe6 17. e5 c5 18. Bxb7 Rb8 19. Bg2 Qc7 20. Ne4 Qxe5 21. Re1 Qh5 22. f4 Rf5 23. Nf2 Rbf8 24. Rxe6 R8f7 25. Rae1 Bf6 26. g4 Qh4 27. gxf5 Qxf4 28. Qb3 Kh7 29. Re8 Qc7 30. Bd5 Re7 31. Bg8+ Kh8 32. Bh7+ Kxh7 33. Qg8# 1-0